<?xml version="1.0" encoding="UTF-8"?>
<collection xmlns="http://www.loc.gov/MARC21/slim">
 <record>
  <leader>00603pamaa2200193   4500</leader>
  <controlfield tag="001">0000012478</controlfield>
  <controlfield tag="005">20190808090000.0</controlfield>
  <datafield tag="020" ind1="0" ind2="0">
   <subfield code="a">9780071156264 (hbk.) </subfield>
  </datafield>
  <datafield tag="082" ind1=" " ind2=" ">
   <subfield code="a">658.85 WEI 1998</subfield>
  </datafield>
  <datafield tag="090" ind1="0" ind2="0">
   <subfield code="a">HF5438.25 </subfield>
   <subfield code="b">WEI 1998</subfield>
  </datafield>
  <datafield tag="100" ind1="1" ind2="0">
   <subfield code="a">Weitz </subfield>
  </datafield>
  <datafield tag="245" ind1="1" ind2="0">
   <subfield code="a">Selling : </subfield>
   <subfield code="b">building partnerships  </subfield>
   <subfield code="c">Bart A. Weitz, Stephen B. Castleberry and John F. Tanner.</subfield>
  </datafield>
  <datafield tag="250" ind1="0" ind2="0">
   <subfield code="a">3rd ed.</subfield>
  </datafield>
  <datafield tag="260" ind1="0" ind2="0">
   <subfield code="a">Massachusetts: </subfield>
   <subfield code="b">Irwin McGraw Hill, </subfield>
   <subfield code="c">1998.</subfield>
  </datafield>
  <datafield tag="300" ind1=" " ind2=" ">
   <subfield code="a">xxi, 582p.: </subfield>
   <subfield code="b">col.ill.; </subfield>
   <subfield code="c">26cm.</subfield>
  </datafield>
  <datafield tag="440" ind1="0" ind2="0">
   <subfield code="a">The Irwin series in marketing</subfield>
  </datafield>
  <datafield tag="650" ind1="0" ind2="0">
   <subfield code="a">Selling </subfield>
  </datafield>
  <datafield tag="700" ind1="1" ind2="1">
   <subfield code="a">Tanner, </subfield>
   <subfield code="h">John F. </subfield>
  </datafield>
  <datafield tag="700" ind1="1" ind2="1">
   <subfield code="a">Castleberry, </subfield>
   <subfield code="h">Stephen Byron </subfield>
  </datafield>
 </record>
</collection>
